Normal view
MARC view
- Food industry and trade -- Periodicals
Entry Topical Term
001 - CONTROL NUMBER
- control field: 31517
003 - CONTROL NUMBER IDENTIFIER
- control field: OSt
005 - DATE AND TIME OF LATEST TRANSACTION
- control field: 20180922145654.0
008 - FIXED-LENGTH DATA ELEMENTS
- fixed length control field: 180922|| aca||aabn | a|a d
040 ## - CATALOGING SOURCE
- Original cataloging agency: OSt
- Transcribing agency: OSt
150 ## - HEADING--TOPICAL TERM
- Topical term or geographic name entry element: Food industry and trade -- Periodicals
670 ## - SOURCE DATA FOUND
- Source citation: Work cat.: (OSt): Food technology /, ©2018.
